Spoločná poľnohospodárska politika EÚ 2007-2013

Spoločná poľnohospodárska politika Európskej únie na roky 2007-2013. Súčasný rozpočet a legislatíva v oblasti poľnohospodárstva a rozvoja vidieka. Návrhy Komisie KOM(2004)0101, KOM(2004)0487a KOM(2004)0498. Analýza. Trhová a cenová politika. Vidiecka politika. Veterinárna politika a starostlivosť o...

Descripción completa

Guardado en:
Detalles Bibliográficos
Autor principal: Obedová, Martina
Formato: Capítulo de libro
Lenguaje:eslovaco
Materias:
Etiquetas: Agregar Etiqueta
Sin Etiquetas, Sea el primero en etiquetar este registro!

MARC

LEADER 00000naa$a2200000$$$4500
001 0051425
005 20240711084113.3
041 0 |a slo 
044 |a SK 
245 1 0 |a Spoločná poľnohospodárska politika EÚ 2007-2013  |c Martina Obedová 
520 |a Spoločná poľnohospodárska politika Európskej únie na roky 2007-2013. Súčasný rozpočet a legislatíva v oblasti poľnohospodárstva a rozvoja vidieka. Návrhy Komisie KOM(2004)0101, KOM(2004)0487a KOM(2004)0498. Analýza. Trhová a cenová politika. Vidiecka politika. Veterinárna politika a starostlivosť o zvieratá. Flexibilita. 
610 2 0 |a politika poľnohospodárska 
610 2 0 |a vidiek 
610 2 0 |a rozpočet spoločný 
610 2 0 |a legislatíva 
610 2 0 |a financie 
610 2 0 |a politika cenová 
610 2 0 |a trh 
610 2 0 |a veterinárstvo 
610 2 0 |a flexibilita 
610 2 0 |a Európska únia 
610 2 0 |a 2007-2013 
100 1 |a Obedová, Martina